000 01049cam a22003377a 4500
001 000013763
003 CHAP
005 20220329133924.0
008 971013s1971 r 00010 d
010 _a12726
011 _a13698
035 _a17770
040 _cCHAP
090 _aFolleto 1429
100 0 0 _aCarvalho Carvalho, Francisco.
_919696
245 1 3 _aEl cultivo del dátil.
260 _aChapingo, Méx. :
_bDepartamento de Extensión Agrícola,
_c(1971).
300 _a15 p. :
_b: ilus.
590 _aBATCH-UPD
_b10
_c20130110
_lUCH01
_h2103
590 _aBATCH-UPD
_b10
_c20130410
_lUCH01
_h1415
590 _aBATCH-UPD
_b10
_c20130914
_lUCH01
_h0854
590 _aCONVERSION
_b10
_c20130109
_lUCH01
_h1308
590 _aE5995AHE
_b05
_c20141118
_lUCH01
_h1423
650 1 4 _aDátil.
_933079
901 _aBK
942 _cFOLL
942 _n0
949 _aFolleto 5180
_bBC
_cFOLL
_d-41685
_eTS1
_i17770
_si
949 _aFolleto 5180
_bBC
_cFOLL
_d-41686
_eTS2
_fc.2
_i17770
_si
949 _aFolleto 5180
_bBC
_cFOLL
_d-41687
_eTS2
_fc.3
_i17770
_si
999 _c12726
_d12726